| 000 | 00437nam a2200169 a 4500 | ||
|---|---|---|---|
| 005 | 20140310183231.0 | ||
| 008 | 040422s19uu xx 00 eng d | ||
| 020 | _a0553493116 | ||
| 050 |
_aPZ 7 _b.J65 2000 |
||
| 100 | _aJhon, Laurie | ||
| 245 |
_aSweet valley university: _bvery bad things. |
||
| 260 |
_aNew York : _bBantam Books, _c2000. |
||
| 300 |
_a278 p. : _c17 cm. |
||
| 650 | _aFiction | ||
| 942 |
_cBK _2lcc |
||
| 999 |
_c20500 _d20500 |
||